Курсы повышения квалификации "Инновационные технологии и средства обучения дисциплин естественно-научного цикла" в Томском политехническом университете; Применение новых технологий в образовании

Podrobná bibliografie
Parent link:Применение новых технологий в образовании.— 2005.— [С. 324-325]
Další autoři: Ерофеева Г. В. Галина Васильевна, Лисичко Е. В. Елена Владимировна, Постникова Е. И. Екатерина Ивановна, Стародубцев В. А. Вячеслав Алексеевич, Твердохлебов С. И. Сергей Иванович, Тюрин Ю. И. Юрий Иванович
Shrnutí:Заглавие с экрана
Jazyk:ruština
Vydáno: 2005
Témata:
On-line přístup:http://window.edu.ru/resource/930/55930/files/conf05p1.pdf#page=324
Médium: MixedMaterials Elektronický zdroj Kapitola
KOHA link:https://koha.lib.tpu.ru/cgi-bin/koha/opac-detail.pl?biblionumber=636264

MARC

LEADER 00000naa0a2200000 4500
001 636264
005 20250917143240.0
035 |a (RuTPU)RU\TPU\network\158 
035 |a RU\TPU\network\157 
090 |a 636264 
100 |a 20131023d2005 k||y0rusy50 ca 
101 0 |a rus 
102 |a RU 
135 |a drcn ---uucaa 
181 0 |a i  
182 0 |a b 
200 1 |a Курсы повышения квалификации "Инновационные технологии и средства обучения дисциплин естественно-научного цикла" в Томском политехническом университете  |f Г. В. Ерофеева [и др.] 
203 |a Текст  |c электронный 
300 |a Заглавие с экрана 
463 1 |t Применение новых технологий в образовании   |o материалы XVI Международной конференции, 28-29 июня 2005 г., Троицк  |v [С. 324-325]  |d 2005 
610 1 |a электронный ресурс 
610 1 |a труды учёных ТПУ 
610 1 |a лекционные материалы 
610 1 |a ТПУ 
610 1 |a курсы 
610 1 |a повышение квалификации 
610 1 |a инновационные технологии 
610 1 |a средства обучения 
610 1 |a естественно-научное образование 
701 1 |a Ерофеева  |b Г. В.  |c физик  |c профессор Томского политехнического университета, доктор педагогических наук  |f 1938-  |g Галина Васильевна  |3 (RuTPU)RU\TPU\pers\25191  |9 11271 
701 1 |a Лисичко  |b Е. В.  |c физик  |c доцент Томского политехнического университета, кандидат педагогических наук  |f 1972-  |g Елена Владимировна  |3 (RuTPU)RU\TPU\pers\28369  |9 13260 
701 1 |a Постникова  |b Е. И.  |c физик  |c доцент Томского политехнического университета, кандидат педагогических наук  |f 1970-  |g Екатерина Ивановна  |3 (RuTPU)RU\TPU\pers\28370  |9 13261 
701 1 |a Стародубцев  |b В. А.  |c физик  |c профессор Томского политехнического университета, доктор педагогических наук  |f 1943-  |g Вячеслав Алексеевич  |3 (RuTPU)RU\TPU\pers\26939 
701 1 |a Твердохлебов  |b С. И.  |c физик  |c доцент Томского политехнического университета, кандидат физико-математических наук  |f 1961-  |g Сергей Иванович  |3 (RuTPU)RU\TPU\pers\27873  |9 12889 
701 1 |a Тюрин  |b Ю. И.  |c физик  |c профессор Томского политехнического университета, доктор физико-математических наук  |f 1950-  |g Юрий Иванович  |3 (RuTPU)RU\TPU\pers\19873  |9 7810 
801 2 |a RU  |b 63413507  |c 20161115  |g RCR 
856 4 |u http://window.edu.ru/resource/930/55930/files/conf05p1.pdf#page=324 
942 |c CF